Name All Types Of Organs - Statistics

General Stats
  • This quiz has been taken 965 times
    369 since last reset
  • The average score is 20 of 46
Answer Stats
Answer
% Correct
Heart
96%
Brain
94%
Liver
91%
Lungs
91%
Stomach
84%
Kidneys
83%
Skin
76%
Eyes
74%
Gall bladder
73%
Bladder
72%
Pancreas
70%
Penis
69%
Small Intestine
65%
Vagina
63%
Nose/Nasal Cavity
61%
Spleen
57%
Tongue
57%
Appendix
56%
Esophagus
55%
Mouth
54%
Uterus
53%
Ovaries
48%
Colon
47%
Rectum
45%
Trachea
43%
Larynx
40%
Testes
36%
Urethra
33%
Spinal Cord
32%
Large Intestines
30%
Intestines
27%
Fallopian Tubes
23%
Ureter
19%
Breast
17%
Vulva
17%
Cervix
15%
Thyroid Gland
15%
Adrenal Glands
14%
Thymus
13%
Vas Deferens
10%
Hypothalamus
6%
Placenta
6%
Mammary Glands
4%
Parathyroid Glands
4%
Pituitary Glsnd
0%
Vestibular System
0%
No matching quizzes found
Score Distribution
Percent of People with Each Score
Percentile by Number Answered
Your Score History
You have not taken this quiz since the last reset